000
00327nam a2200109Ia 4500
008
171211s9999 xx 000 0 und d
245
_a
Summary of German Tanks in Photographs
245
_c
Other
260
_c
1944
650
_x
Military
856
_u
http://down.ebook777.com/Summary%20of%20German%20Tanks%20in%20Photographs.pdf
999
_c
348323
_d
348323